Регионална библиотека "Любен Каравелов" - Русе

Изкуството (Запис номер 63673)

MARC детайли
000 -Лидер
Контролно поле с фиксирана дължина nam a22 a 4500
003 - Код на организацията, давaща контролен номер
Контролно поле BLK
005 - Дата и час на последна редакция
Контролно поле 20220610115427.0
008 - Елементи от данни с фиксирана дължина
fixed length control field 180408b bul|||||r ||||||| ||bul||
010 ## - Наследен системен номер
LC control number KNG00067927000
040 ## - Източник на каталожния запис
Идентификатор на билиотеката - собственик на записа BLK
041 ## - Код за език
Код за езика на текст/звукозапис или на отделно заглавие Български
Код за езика КДБФ Български
080 ## - УДК
Текстов определител УДК Изкуство. Художествени занаяти. Фотография. Музика. Развлечения. Игри. Спорт
УДК код - определител по УДК 7
УДК - код + определител 7
080 ## - УДК
Текстов определител УДК Изобразителни изкуства и художествени занаяти
УДК код - определител по УДК 73/76
УДК - код + определител 73/76
100 1# - Редна дума - Автор
Автор Роден, Огюст
Авторска отговорност първи автор
R(LIN) 116575
139 ## - Редно поле
Редна дума Роден, Огюст
Авторски знак Роде - Р 74
245 10 - Сведения за заглавието
Заглавие Изкуството
Подзаглавни данни Беседи
Редно поле (дума) Огюст Роден; събр. Пол Гсел; прев. от фр. Любен Пинтев.
250 ## - Област на изданието
Сведения за изданието 3. изд.
257 ## - Страна на издаване
Страна на създаване/издаване Франция
260 ## - Област на издателските данни
Място на издаване, разпространение и проч. София
Име на издателя, разпространителя и проч. Бълг. художник
Година на издаване 1967
300 ## - Физическа характеристика
Страници 111 с.
Илюстрации и др. с портр., репрод.
Размери/Мащаб 22 см
380 ## - Жанр
Жанр Изкуство
500 ## - Общи забележки
Забележка Без сведение за ориг. загл. - 5 100 тир.
650 #4 - Допълнително описание по предмет – тема
Основно описание – тема или топоним Изкуство
9 (RLIN) 156342
653 ## - Ключова дума – ненормативна
Ключова дума изкуство
653 ## - Ключова дума – ненормативна
Ключова дума беседи
700 1# - Други автори (авторска отговорност)
Лично име Гсел, Пол
Автороска отговорност (Описва отношението между автора и произведението) събр.
9 (RLIN) 56937
700 1# - Други автори (авторска отговорност)
Лично име Пинтев, Любен
Автороска отговорност (Описва отношението между автора и произведението) прев. от фр.
9 (RLIN) 291561
852 ## - Местоположение
Форматна сигнатура Цб 43496
856 4# - Електронен адрес и достъп
Електронен формат pdf - файл
856 4# - Електронен адрес и достъп
Електронен формат pdf - файл
999 ## - СИСТЕМНИ КОНТРОЛНИ НОМЕРА
Koha biblionumber 63673
Koha biblioitemnumber 63673
942 ## - АРТИКУЛИ
Вид на библиотечния материал Книги
Скрит в OPAC Не
Koha issues (borrowed), all copies 1
Периодичен библиозапис Да
944 ## - СЪЗДАВАНЕ И РЕДАКЦИЯ на ЗАПИСА
Създаване/Редакция Създаване
Дата на регистрацията/редакция 24.08.2006
Служител, извършил регистрацията/редакцията Ирена_Линкова
944 ## - СЪЗДАВАНЕ И РЕДАКЦИЯ на ЗАПИСА
Създаване/Редакция Редакция
Дата на регистрацията/редакция 10.05.2012
999 ## - СИСТЕМНИ КОНТРОЛНИ НОМЕРА
Koha biblioitemnumber 63673
Наличности
Код за отписване Код за изгубен артикул Източник на класификационната схема Код за повреда Коз за рестрикции Код за отдаване Артикулен № Име на библиотеката - собственик Име на библиотеката, в която се намира в момента Статус (Текущо местоположение) Дата на вписване в системата Местоположение - отдел Цена в лева Инвентарен номер Систематично азбучна сигнатура Баркод Номер на екземпляра Цена в евро Служебна бележка Служебен тип на артикула
Изтеглен Не е изгубен Universal Decimal Classification Не е повреден без рестрикции заемане за дома 105489 Регионална библиотека "Любен Каравелов" Русе Регионална библиотека "Любен Каравелов" Русе Отдел Изкуство - подръчен фонд 2006-08-24 Отдел Изкуство - подръчен фонд 2.34 120000705034 7/Р 74 120000705034 1 1.20 Дост: DA Вид: А N: 15 Дата: 24.08.2006 Дата инв: 10.02.2015 Бележки инв: ИП2015 Книги
  Не е изгубен Universal Decimal Classification Не е повреден само за читалня ползва се в читалня 105490 Регионална библиотека "Любен Каравелов" Русе Регионална библиотека "Любен Каравелов" Русе Хранилище 1967-01-01 Хранилище 2.34 367/68 Цб 43496 900000100593 2 1.20 Дост: Dp Вид: Д N: стар фонд Дата: 01.01.1967 Книги
Изтеглен Не е изгубен Universal Decimal Classification Не е повреден без рестрикции заемане за дома 105491 Регионална библиотека "Любен Каравелов" Русе Регионална библиотека "Любен Каравелов" Русе Отдел Изкуство - подръчен фонд 1967-01-01 Отдел Изкуство - подръчен фонд 2.34 1715/68 7/Р 74 1715/68 3 1.20 Дост: Pk Вид: Ф N: стар фонд Дата: 01.01.1967 Дата инв: 10.02.2015 Бележки инв: ИП2015 Книги
Изтеглен Не е изгубен Universal Decimal Classification Не е повреден без рестрикции заемане за дома 105492 Регионална библиотека "Любен Каравелов" Русе Регионална библиотека "Любен Каравелов" Русе Отдел Изкуство - подръчен фонд 1967-01-01 Отдел Изкуство - подръчен фонд 2.34 1711/68 7/Р 74 1711/68 4 1.20 Дост: Pk Вид: Ф N: стар фонд Дата: 01.01.1967 Дата инв: 10.02.2015 Бележки инв: ИП2015 Книги
  Не е изгубен Universal Decimal Classification Не е повреден без рестрикции заемане за дома 105493 Регионална библиотека "Любен Каравелов" Русе Регионална библиотека "Любен Каравелов" Русе Отдел Изкуство - подръчен фонд 1967-01-01 Отдел Изкуство - подръчен фонд 2.34 1714/68 7/Р 74 900000003939 5 1.20 Дост: Pk Вид: Ф N: стар фонд Дата: 01.01.1967 Дата инв: 05.06.2012 Бележки инв: * Книги
Vip Innovations Ltd, Rousse, Bulgaria 2025